| 000 | 00469nam a2200193Ia 4500 | ||
|---|---|---|---|
| 005 | 20240823021817.0 | ||
| 008 | 240823s9999||||xx |||||||||||||| ||und|| | ||
| 020 | _a81-7596-339-5 | ||
| 041 | _aENGLISH | ||
| 082 | _A418 P6 | ||
| 100 | _aSasikumar V et al. | ||
| 245 | 2 | _aA Course in Listening and Speaking I | |
| 250 | _a1st | ||
| 260 |
_c2006 _bFoundation _aNew Delhi |
||
| 500 | _aTRANSFERED | ||
| 650 |
_aSpeaking _bEnglish |
||
| 942 | _cBK | ||
| 999 |
_c177785 _d177785 |
||